| 000 | 00602nam a2200157 a 4500 | ||
|---|---|---|---|
| 001 | 000026807 | ||
| 005 | 20200930030425.0 | ||
| 008 | 110325s1927 dr 000 0 spa d | ||
| 040 |
_aDO-SdBNP _bspa _cBNPHU |
||
| 082 |
_axxx _bM917i |
||
| 100 | 1 |
_aMota, Fabio A. _923572 |
|
| 245 | 1 | 0 |
_aInforme : _bque de sus gestiones como rector de la universidad durante el año 1924-1925 presentó el Dr. Octavio del Pozo a la secretaría de Estado de Justicia e instrucción pública / _cFabio A. Mota. |
| 260 |
_aSanto Domingo1927. : _bTipigrafía del Carmen, _c1927. |
||
| 300 |
_a65 p. ; _c26 cm. |
||
| 049 | _aBNPD | ||
| 999 |
_c26299 _d26299 |
||